000 01471nam a22002655i 4500
001 153514
003 ES-MaACL
005 20250928145919.0
008 970902s1864 sp |||| | spa d
245 0 0 _aDiscursos leídos ante la Real Academia de la Historia en la recepción pública de don José Moreno Nieto, el día 29 de mayo de 1864.
260 _aMadrid :
_b[s.n.],
_c1864 (
_fImp. de Manuel Galiano)
300 _a42, 22, 32 p. ;
_c25 cm.
505 8 _aApéndice al primer discurso: Biblioteca de historiadores árabigo-andaluces: autores árabigo-andaluces que han escrito sobre la historia general de los árabes, o la particular de España, o de algún pueblo de ella, o sobre la vida de algún personaje famoso por sus hechos
530 _aDisponible en formato digital.
594 _aRecoge el discurso de recepción de José Moreno Nieto, y el de contestación de Emilio Lafuente Alcántara.
650 4 _aHistoriografía-
_zAl-Andalus.
_9157647
651 4 _aAl-Andalus-
_vHistoriografía.
_9157648
700 1 _aMoreno Nieto, José,
_d1825-1882
_983416
700 1 _aLafuente y Alcántara, Emilio,
_d1825-1868
_969545
710 2 _aReal Academia de la Historia (España)
_96309
740 0 2 _aBiblioteca de historiadores árabigo-andaluces.
852 _aES-MaACL
_jF-M-III-G (III)
_z-- Enc. pasta española
856 _uhttp://bdh-rd.bne.es/viewer.vm?id=0000095055&page=1
_zBiblioteca Digital Hispánica
999 _c153514
_d153514